| 000 | 00568nam a2200181Ia 4500 | ||
|---|---|---|---|
| 008 | 100917s9999 xx 000 0 und d | ||
| 082 | _b61858 | ||
| 100 | _aपडोळे ल. वा. - संपा. | ||
| 245 | _aसन्देश आणि स्वाक्षरी | ||
| 260 |
_bपुजा प्रकाशन _c--- |
||
| 300 | _a--- | ||
| 365 | _b75 | ||
| 520 | _a--- | ||
| 630 | _aसन्देश आणि स्वाक्षरी | ||
| 650 | _a--- | ||
| 730 | _aसन्देश आणि स्वाक्षरी | ||
| 942 | _cBOOK | ||
| 999 |
_c667252 _d667249 |
||